Handbook of electronics formulas (Record no. 182082)
[ view plain ]
| 000 -LEADER | |
|---|---|
| fixed length control field | 00927 a2200193 4500 |
| 003 - CONTROL NUMBER IDENTIFIER | |
| control field | Nust |
| 005 - DATE AND TIME OF LATEST TRANSACTION | |
| control field | 20170207153233.0 |
| 020 ## - INTERNATIONAL STANDARD BOOK NUMBER | |
| International Standard Book Number | 8175152125 |
| 040 ## - CATALOGING SOURCE | |
| Transcribing agency | Nust |
| 082 ## - DEWEY DECIMAL CLASSIFICATION NUMBER | |
| Classification number | 621.38120 |
| 100 ## - MAIN ENTRY--PERSONAL NAME | |
| Personal name | Rose, Georg |
| 245 ## - TITLE STATEMENT | |
| Title | Handbook of electronics formulas |
| Statement of responsibility, etc. | Georg Rose |
| 260 ## - PUBLICATION, DISTRIBUTION, ETC. | |
| Place of publication, distribution, etc. | Galgotia Publication |
| Name of publisher, distributor, etc. | New Delhi |
| Date of publication, distribution, etc. | 1998 |
| 300 ## - PHYSICAL DESCRIPTION | |
| Extent | xviii,421 p |
| Other physical details | illus |
| Dimensions | 24 cm |
| 505 ## - FORMATTED CONTENTS NOTE | |
| Formatted contents note | Mathematics (page-1) Mechanics (page-75) General Electrical Engineering (Page-102) Alternating Current (Page-129) Resonant Circuits (Page-185) Filter Elements (page-201)Semiconductors (Page-226) Transistors (apge-240) Rectifiers (page-261) Circuits and Circuits Elements (Page-271) Measuring Techniques (page-307) Operational Amplifiers (Page-326) Acoustics (Page-334) Optics Photo electronics (Page-345) Transmission Paths (Page-364) |
| 538 ## - SYSTEM DETAILS NOTE | |
| System details note | Almirah No.33 Shelf No. 4 |
| 600 ## - SUBJECT ADDED ENTRY--PERSONAL NAME | |
| Personal name | Rose Georg |
| 650 ## - SUBJECT ADDED ENTRY--TOPICAL TERM | |
| Topical term or geographic name entry element | Telecommunication Engineering |
| 942 ## - ADDED ENTRY ELEMENTS (KOHA) | |
| Source of classification or shelving scheme | |
| Koha item type | Book |
| Withdrawn status | Lost status | Source of classification or shelving scheme | Damaged status | Not for loan | Collection code | Permanent Location | Current Location | Date acquired | Total Checkouts | Full call number | Barcode | Date last seen | Price effective from | Koha item type |
|---|---|---|---|---|---|---|---|---|---|---|---|---|---|---|
| Military College of Signals (MCS) | Military College of Signals (MCS) | 12/12/2016 | 621.38120 ROS | MCS30293 | 12/08/2016 | 12/12/2016 | Book |
